<?xml version="1.0" encoding="UTF-8"?>
<record
    xmlns:xsi="http://www.w3.org/2001/XMLSchema-instance"
    xsi:schemaLocation="http://www.loc.gov/MARC21/slim http://www.loc.gov/standards/marcxml/schema/MARC21slim.xsd"
    xmlns="http://www.loc.gov/MARC21/slim">

  <leader>00654nam a2200241Ia 4500</leader>
  <controlfield tag="001">49437</controlfield>
  <controlfield tag="005">20240114003951.0</controlfield>
  <controlfield tag="007">ta</controlfield>
  <controlfield tag="008">090526s1939           g     b000 u 465 u</controlfield>
  <datafield tag="040" ind1=" " ind2=" ">
    <subfield code="a">Cotton College,Assam</subfield>
  </datafield>
  <datafield tag="041" ind1=" " ind2=" ">
    <subfield code="a">465</subfield>
  </datafield>
  <datafield tag="082" ind1=" " ind2=" ">
    <subfield code="a">331.24</subfield>
    <subfield code="b">H 325 P</subfield>
  </datafield>
  <datafield tag="100" ind1=" " ind2=" ">
    <subfield code="a">Hayek, Fridrich A. Von .</subfield>
  </datafield>
  <datafield tag="245" ind1=" " ind2="0">
    <subfield code="a">Profits, Interest and Investment /</subfield>
    <subfield code="c">Fridrich A. Von Hayek.</subfield>
    <subfield code="h">Textual Documents</subfield>
  </datafield>
  <datafield tag="250" ind1=" " ind2=" ">
    <subfield code="a">1st ed /</subfield>
  </datafield>
  <datafield tag="260" ind1=" " ind2=" ">
    <subfield code="a">London :</subfield>
    <subfield code="b">George Routledge &amp; Sons, Ltd ,</subfield>
    <subfield code="c">1939.</subfield>
  </datafield>
  <datafield tag="300" ind1=" " ind2=" ">
    <subfield code="a">266p ;</subfield>
    <subfield code="c">21 cm.</subfield>
  </datafield>
  <datafield tag="653" ind1=" " ind2=" ">
    <subfield code="a">Economics</subfield>
  </datafield>
  <datafield tag="653" ind1=" " ind2=" ">
    <subfield code="a">T/G-Economics</subfield>
  </datafield>
  <datafield tag="942" ind1=" " ind2=" ">
    <subfield code="2">ddc</subfield>
    <subfield code="c">BK</subfield>
  </datafield>
  <datafield tag="952" ind1=" " ind2=" ">
    <subfield code="0">0</subfield>
    <subfield code="1">0</subfield>
    <subfield code="4">0</subfield>
    <subfield code="7">0</subfield>
    <subfield code="8">Circulation (T/G)</subfield>
    <subfield code="a">SKBL</subfield>
    <subfield code="b">SKBL</subfield>
    <subfield code="d">2012-02-01</subfield>
    <subfield code="f">00000</subfield>
    <subfield code="l">0</subfield>
    <subfield code="o">331.24 H 325 P</subfield>
    <subfield code="p">18/Old</subfield>
    <subfield code="r">2024-01-14 00:00:00</subfield>
    <subfield code="t">1</subfield>
    <subfield code="w">2012-02-01</subfield>
    <subfield code="y">BK</subfield>
  </datafield>
  <datafield tag="999" ind1=" " ind2=" ">
    <subfield code="c">49402</subfield>
    <subfield code="d">49402</subfield>
  </datafield>
</record>
